Statistics for World's Biggest Football Stadiums

Click here to take the quiz!

General Stats

  • This quiz has been taken 3,345 times
    (3,344 since last reset)
  • The average score is 12 of 26

Answer Stats

CapacityStadiumCity% Correct
99.354Camp NouBarcelona
97%
76.212Old TraffordManchester
93%
85.454Estadio Santiago BernabeuMadrid
91%
69.901Allianz ArenaMunich
84%
82.238Estadio do MaracanaRio de Janeiro
76%
105.064Estadio AztecaMexico City
70%
80.074Stadio Giuseppe MeazzaMilan
70%
72.698Stadio OlimpicoRome
69%
78.360Luzhniki StadiumMoscow
63%
80.552Signal Iduna ParkDortmund
62%
74.228OlympiastadionBerlin
60%
75.480Ataturk Olympic StadionIstanbul
58%
65.647Estadio da LuzLisbon
58%
67.428Estadio do MorumbiSao Paulo
47%
70.050OlimpiyskyKiev
34%
66.160Estadio CentenarioMontevideo
28%
66.161Workers StadiumBeijing
21%
68.756Gillette StadiumFoxborough
20%
67.000CenturyLink FieldSeattle
20%
100.000Azadi StadiumTehran
20%
80.093Estadio Monumental "U"Lima
17%
75.783MineiraoBelo Horizonte
15%
88.306Gelora Bung Karno StadiumJakarta
12%
120.000Salt Lake StadiumKolkata
11%
75.263CastelaoSao Luis
7%
66.000Stade 5 Julliet 1962Algiers
5%

Score Distribution

Percentile by Number Answered

Percent of People with Each Score

Your Score History

You have not taken this quiz since the last reset